Iglesia y resistencia popular en América Latina /
Guardado en:
| 主要作者: | |
|---|---|
| 其他作者: | |
| 格式: | Texto |
| 主題: | |
| 標簽: |
添加標簽
沒有標簽, 成為第一個標記此記錄!
|
MARC
| LEADER | 00000 a a2200000 04500 | ||
|---|---|---|---|
| 001 | 17960 | ||
| 003 | |||
| 040 | |||
| 100 | |a Cancino, Hugo | ||
| 245 | |a Iglesia y resistencia popular en América Latina / |c Hugo Cancino y Cecilia Castro | ||
| 650 | |a IGLESIA | ||
| 650 | |a MOVIMIENTOS OBREROS | ||
| 650 | |a POLITICA | ||
| 650 | |a DICTADURA | ||
| 650 | |a SACERDOTES | ||
| 650 | |a IDEOLOGIAS | ||
| 650 | |a AMERICA LATINA | ||
| 700 | |a Castro, Cecilia | ||
| 773 | |g volumen 4, número 32; (1980) páginas 367-372 | ||
| 999 | |c 27658 |d 27658 | ||
| 773 | 0 | |0 42391 |9 3838 |a Agencia Latinoamericana de Información, ALAI |d Quito, Ecuador: ALAI |o 04410 |t ALAI: |x 08275564 (Servicio mensual de información y documentación) | |
